| 000 | 01759nam a22002297a 4500 | ||
|---|---|---|---|
| 003 | OSt | ||
| 005 | 20190417083842.0 | ||
| 008 | 180302b xxu||||| |||| 00| 0 spa d | ||
| 020 | _a9505360738 | ||
| 040 | _cPJ | ||
| 100 |
_995 _aMorello, Augusto Mario |
||
| 245 | 1 | 0 |
_aJuicios sumarios : _binterdictos, desalojos / _cAugusto M. Morello; colaboración de Alberto Tessone. _nTomo I |
| 260 |
_aLa Plata : _bLep, _c1995. |
||
| 300 |
_a545 p. _c22 cm. |
||
| 505 | _aPrincipios generales -- Interdictos de adquirir -- Interdicto de retener -- Interdicto de recobrar -- Interdicto de obra nueva -- Trámites -- Acciones posesorias -- Relación entre el proceso de desalojo y los interdictos y acciones posesorias -- Denuncia de daño temido -- Oposición a la ejecución de reparaciones urgentes -- Proceso de desalojo: caracterización; a quiénes se acuerda la acción de desalojo -- Legitimados pasivos especiales -- Otros casos -- El sublocatario -- Otros ocupantes --Demanda de desalojo -- Prueba -- Sentencia y modos anormales de terminación del proceso -- Recursos -- Ejecución de sentencia; condena de futuro; medidas cautelares; mejoras, derecho de retención; relaciones entre el juicio de desalojo y el cobro ejecutivo de alquileres -- Relaciones entre el juicio de desalojo y el proceso por daños y perjuicios -- Nulidad del proceso por vía incidente -- Legislación de emergencia y el proceso de desalojo; desalojo del fondo de comercio -- Desalojo de finca agraria -- Jurisprudencia. | ||
| 650 | 0 |
_9267 _aDERECHO PROCESAL |
|
| 650 | 0 |
_92325 _aJUICIO SUMARIO |
|
| 650 | 0 |
_92025 _aJUICIO DE DESALOJO |
|
| 650 | 0 |
_93974 _aINTERDICTOS POSESORIOS |
|
| 700 |
_92476 _aTessone, Alberto J. _ecolaborador |
||
| 942 |
_2udc _cLIB _h347.919.7 _iMOR |
||
| 999 |
_c1532 _d1532 |
||